| 000 | 00975nam a2200229Ia 4500 | ||
|---|---|---|---|
| 001 | 9539 | ||
| 003 | GE_BSU | ||
| 008 | 181216s||||||||xx |||||||||||||| ||und|| | ||
| 040 | _cGE_BSU | ||
| 080 | _a908(479.22)+821.353.1-4 | ||
| 100 | _aმგალობლიშვილი,ვლადიმერ | ||
| 245 | _aქვეყანა,რომელიც მიყვარს | ||
| 245 | _bრჩეული წერილები,ნარკვევები და ნოველა | ||
| 245 | _cრედ.ბ.ხარანაული.მხატვ.ვ.მდინარაძე | ||
| 260 | _aთბილისი | ||
| 260 | _bსაბჭოთა საქართველო | ||
| 260 | _c1969 | ||
| 300 | _a159გვ.20სმ. | ||
| 653 | _aრჩეული წერილები,ნარკვევები და ნოველა | ||
| 653 | _aქვეყანა,რომელიც მიყვარს | ||
| 942 | _cBK | ||
| 999 |
_c42833 _d42833 |
||